| 000 | 00647nam a2200241Ia 4500 | ||
|---|---|---|---|
| 003 | OSt | ||
| 005 | 20221005122730.0 | ||
| 006 | a|||||r|||| 00| 0 | ||
| 007 | ta | ||
| 008 | 221004b |||||||| |||| 00| 0 mal d | ||
| 024 | _a62338 | ||
| 037 | _cTextual | ||
| 040 |
_aCRL _cCRL _bmal |
||
| 041 |
_2mal _amal |
||
| 082 | _aO32,2NDA,12, J7 | ||
| 100 |
_aParan Ponkunnam Dami Au. _9632523 |
||
| 245 | 0 | _aKannivil theeyante | |
| 260 | _c1957 | ||
| 650 |
_a MALAYALAM LITERATURE _938866 |
||
| 650 |
_aMALAYALAM DRAMA _9207189 |
||
| 942 |
_hO32,2NDA,12, J7 _cTEXL _2cc |
||
| 999 |
_c1045207 _d1045207 |
||